000 00466nam a2200181Ia 4500
001 7851
005 20260306160526.0
008 260306t2012||||xx |||||||||||||| ||spa||
041 _aESP
082 _a363.11
_bA49
100 _aÁlvarez Heredia, Francisco
_eAUT
245 0 _aRiesgos laborales:
_bcómo prevenirlos en el ambiente de trabajo
260 _c2012
300 _a227 páginas :
_c24 cm.
650 _aGEN
654 _aCAN
942 _cLIB
_dJUS
_fJUS
_2ddc
_n
999 _c7851
_d7851